00846nam a2200253 a 4500001001300000003000900013005001700022008004100039020001000080082002000090100003900110245004900149260005200198300000900250500003500259505000900294650002100303700003900324902000800363942000700371952009900378952010000477999001500577nice12345678IN_TiNIC20260116012150.0050524s1906 lona grp 000 0 urd  ac10000a220.591439bBRI aBritish And Foreign, Bible Society aInjil-E-muqaddas (naya Ahad Nama) Roman Urdu aLondonbBritish and Foreign Bible Societyc1906 a373p aincludes index and biblioraphy2 aMaps aBible-Urdu-Roman1 aBritish And Foreign, Bible Society bSRS cBK 00104070aHMIbHMId2018-04-11g100.00l0o220.591439 BIBp5762r0000-00-00w2026-01-16yARB 00104070aHMIbHMId2018-04-11g100.00l0o220.591439 BIBp06359r0000-00-00w2026-01-16yBK c5904d5904